00639nam a22001931a 450000500170000000800410001702000090005804000260006705000210009308200210011410000320013524500350016726000470020230000220024950001160027160000280038760000270041585200030044220110718133630.0091005s1991 001 0 eng d c0.00 aNEGST Library - Kenya 4aBS 325.K356 19990 aBS 325.K356 19991 aWycliffe Bible Translators.10aMelepi me njambiye Jonja Mbon. aBatouri :bWycliff Bibelubersetzer,c1991. a533 p. : ill., m. a"Le Nouveau Testament en langue kako (kako-est), Cameroun et RCA." - T.p. verso. Maps on end papers. [Africana]10aBible. N.T. Kako. 1999.10aKako language - Texts.